Congreso médico militar celebrado en Castellón de la Plana los días 9, 10 y 11 de febrero del año 1939 / (Record no. 46449)

MARC details
000 -LEADER
campo de control de longitud fija 00716nam a2200169 i 4500
001 - NÚMERO DE CONTROL
campo de control 46449
003 - IDENTIFICADOR DE NÚMERO DE CONTROL
campo de control ES-MaACL
005 - FECHA Y HORA DE LA ÚLTIMA TRANSACCIÓN
campo de control 20230906161403.0
007 - CAMPO FIJO DE DESCRIPCIÓN FÍSICA--INFORMACIÓN GENERAL
campo de control de longitud fija t|
008 - DATOS DE LONGITUD FIJA--INFORMACIÓN GENERAL
campo de control de longitud fija 030328s1939 sp ||||1| spa d
111 2# - ENTRADA PRINCIPAL--NOMBRE DE CONGRESO/REUNIÓN
Nombre de congreso/reunión o jurisdicción como elemento de entrada Congreso Médico Militar (
Fecha del congreso o de la firma del tratado 1939.
Sede del congreso/Lugar de la reunión Castellón de la Plana)
9 (RLIN) 500
245 10 - MENCIÓN DEL TÍTULO
Título Congreso médico militar celebrado en Castellón de la Plana los días 9, 10 y 11 de febrero del año 1939 /
Mención de responsabilidad, etc. organizado por el Cuerpo del Ejército de Galicia y aprobado por las autoridades militares y sanitarias de Levante.
260 ## - PUBLICACIÓN, DISTRIBUCIÓN, ETC.
Lugar de publicación, distribución, etc. Barcelona :
Nombre del editor, distribuidor, etc. [s.n.],
Fecha de publicación, distribución, etc. 1939 (
Fabricante Imp. Clarasó)
300 ## - DESCRIPCIÓN FÍSICA
Extensión LXXV, 642 p. ;
Dimensiones 25 cm.
710 2# - ENTRADA AGREGADA--NOMBRE DE ENTIDAD CORPORATIVA
Nombre de entidad corporativa o nombre de jurisdicción como elemento de entrada Cuerpo del Ejército de Galicia.
9 (RLIN) 3352
852 ## - LOCALIZACIÓN
Ubicación ES-MaACL
Número de control de estantería A-4924
Sublocalización o colección R.16867
Holdings
Estatus retirado Estado de pérdida Estado de daño No para préstamo Biblioteca de origen Biblioteca actual Ubicación en estantería Fecha de adquisición Fuente de adquisición Total de préstamos Signatura topográfica completa Código de barras Visto por última vez Precio de reemplazo Tipo de ítem Koha
        Biblioteca del Ateneo de Madrid Biblioteca del Ateneo de Madrid Sala Pecera Planta 1 17/01/2008     A-4924 1048852 23/02/2023 23/02/2023 Libro impreso